Summer Olympic Host Cities - Statistics

General Stats
  • This quiz has been taken 21 times
  • The average score is 26 of 32
Answer Stats
Year City % Correct
1896 Athens
100%
2004 Athens
100%
1936 Berlin
100%
1908 London
100%
1948 London
100%
2012 London
100%
1900 Paris
100%
1924 Paris
100%
2024 Paris
100%
1996 Atlanta
94%
2008 Beijing
94%
1964 Tokyo
94%
2020 Tokyo
94%
1992 Barcelona
88%
1932 Los Angeles
88%
1984 Los Angeles
88%
2028 Los Angeles
88%
1980 Moscow
88%
2016 Rio de Janeiro
88%
2000 Sydney
88%
1956 Melbourne
75%
1960 Rome
75%
1928 Amsterdam
69%
1968 Mexico City
69%
1972 Munich
63%
1988 Seoul
63%
1952 Helsinki
56%
1976 Montreal
56%
1912 Stockholm
56%
2032 Brisbane
50%
1904 St. Louis
50%
1920 Antwerp
38%
No matching quizzes found
Score Distribution
Percent of People with Each Score
Percentile by Number Answered
Your Score History
You have not taken this quiz